000 00670nam a2200241Ia 4500
005 20260430150617.0
008 008 250103s9999 xx 000 0 eng d
037 _aTheses
040 _aCRL
040 _beng
040 _ceng
041 _2eng
041 _aeng
084 _qCRL
100 _aMehpara Au.; Relan Manju Arora Gu.
_91237998
245 0 _aHindu Women’s Right to Inheritance in Agricultural Land: A Detailed Study Post Hindu Succession (Amendment) Act, 2005
260 _c2024
300 _a299p.
650 _aLaw
700 _aUniversity of Delhi. Faculty of Law. Deptt. of Law
_91236414
942 _cTH
999 _c1850205
_d1850205